| 000 -CABECERA |
| fixed length control field |
01071nam a22002177a 4500 |
| 003 - IDENTIFICADOR DEL NÚMERO DE CONTROL |
| control field |
AR-CdUCM |
| 008 - DATOS DE LONGITUD FIJA--INFORMACIÓN GENERAL |
| fixed length control field |
190425b ||||| |||| 00| 0 spa d |
| 040 ## - FUENTE DE LA CATALOGACIÓN |
| Agencia/entidad que catalogó originalmente la obra |
MUNICIPALIDAD PROVINCIAL DEL CUSCO |
| Entidad que transcribió la catalogación |
BIBLIOTECA MUNICIPAL DEL CUSCO |
| 082 ## - NÚMERO DE LA CLASIFICACIÓN DECIMAL DEWEY |
| No. de Clasificación |
Nueva/N°3/1997 |
| 245 ## - MENCIÓN DE TÍTULO |
| Título |
Nueva imagen : |
| Resto del título |
revista informativa / |
| Mención de responsabilidad |
Concha Rivera, Eddie, Director |
| 260 ## - PUBLICACIÓN, DISTRIBUCIÓN, ETC. |
| Lugar de publicación, distribución, etc. |
Cusco. |
| Nombre de la editorial, distribuidor, etc. |
Santa Magdalena, |
| Fecha de publicación, distribución, etc. |
1997. |
| 300 ## - DESCRIPCIÓN FÍSICA |
| Nº de Páginas Extensión |
31 páginas. : |
| Otros detalles físicos |
ilustraciones ; |
| Dimensiones |
28 cm. |
| 440 ## - MENCIÓN DE SERIE/PUNTO DE ACCESO ADICIONAL--TÍTULO |
| Título |
Nueva imagen. |
| Número de la parte/sección de una obra |
Año 1, N°3, junio julio 1997. |
| 9 (RLIN) |
47744 |
| 505 ## - NOTA DE CONTENIDO CON FORMATO |
| Nota de contenido formateada |
Contenido: Edición especial en homenaje a Cusco. -- El Inti Raymi en los tiempos de los incas. -- Desarrollo industrial en la región inka. -- Balcones del Cusco. -- Génesis y escenario del Huayno. -- Los problemas del niño. -- Culturales. Adolfo Sardón. -- Culturales Mariela Bravo Salas. Los Santos de nuestros medios. ... |
| 650 ## - PUNTO DE ACCESO ADICIONAL DE MATERIA--TÉRMINO DE MATERIA |
| Descriptor |
Arte contemporáneo |
| 9 (RLIN) |
13631 |
| 650 ## - PUNTO DE ACCESO ADICIONAL DE MATERIA--TÉRMINO DE MATERIA |
| Descriptor |
Arquitectura cusqueña |
| 9 (RLIN) |
30237 |
| 650 ## - PUNTO DE ACCESO ADICIONAL DE MATERIA--TÉRMINO DE MATERIA |
| Descriptor |
Folklore cusqueño |
| 9 (RLIN) |
8693 |
| 700 ## - PUNTO DE ACCESO ADICIONAL--NOMBRE DE PERSONA |
| Nombre Personal |
Malpartida Barral, Zoila |
| 9 (RLIN) |
47745 |
| 942 ## - ELEMENTOS DE PUNTO DE ACCESO ADICIONAL (KOHA) |
| Fuente de clasificación |
|
| Tipo de item |
Revistas cusqueñas |
| 945 ## - PROCESAMIENTO DE INFORMACIÓN LOCAL (OCLC) |
| Catalogador |
rac |